Catálogo
Digital

Catálogo
Digital

Producción Forestal del alto rendimiento con especies naturalizadas (Record no. 14231)

MARC details
000 -CABECERA
campo de control de longitud fija 01771nam a2200301 4500
003 - IDENTIFICADOR DEL NÚMERO DE CONTROL
campo de control EC-UNACH
005 - FECHA Y HORA DE LA ÚLTIMA TRANSACCIÓN
campo de control 20251201115628.0
006 - CÓDIGOS DE INFORMACIÓN DE LONGITUD FIJA--CARACTERÍSTICAS DEL MATERIAL ADICIONAL
campo de control de longitud fija s||||gr|||| 00| 00
008 - DATOS DE LONGITUD FIJA--INFORMACIÓN GENERAL
campo de control de longitud fija 150116t9999 mx r gr 000 0 spa d
020 ## - NÚMERO INTERNACIONAL ESTÁNDAR DEL LIBRO
Número Internacional Estándar del Libro 978-9942-20-530-8
040 ## - FUENTE DE LA CATALOGACIÓN
Centro catalogador/agencia de origen EC-UNACH
Centro/agencia transcriptor EC-UNACH
041 ## - CÓDIGO DE LENGUA
Código de lengua del texto/banda sonora o título independiente spa
082 04 - NÚMERO DE LA CLASIFICACIÓN DECIMAL DEWEY
Número de edición 23
Número de clasificación 333.7
Número de documento/Ítem L018402
110 ## - ENTRADA PRINCIPAL--NOMBRE DE ENTIDAD CORPORATIVA
Nombre de entidad corporativa o nombre de jurisdicción como elemento de entrada Corporación Ecológica internacional
245 ## - MENCIÓN DE TÍTULO
Título Producción Forestal del alto rendimiento con especies naturalizadas
250 ## - MENCIÓN DE EDICIÓN
Mención de edición Primera edición
264 ## - Producción, publicación, distribución, fabricación y copyright
Lugar de producción, publicación, distribución, fabricación Ecuador
Nombre del de productor, editor, distribuidor, fabricante Corporación Ecológica internacional
Fecha de de producción, publicación, distribución, fabricación o copyright 2014
300 ## - DESCRIPCIÓN FÍSICA
Extensión 267
505 ## - NOTA DE CONTENIDO CON FORMATO
Nota de contenido con formato 1. Sección preliminar--Origen de las tres grandes zonas latitudinales--Geometría alti-latitudinal multivariable referencial--Identidad ecológica neotropical--Introducción de especies--Impactos ecológicos de las especies invasoras--Naturalización de especies--Teoría fenológica--Factores eco fisiológicos--Evolución radicular--Evolución del tronco, el árbol, el bosque --2. Teca--Generalidades--Dendrología--Autoecología de la especie--Silvicultura--Aprovechamiento--Protección--Utilización --3. Melina--Generalidades--Dendrología--Autoecología de la especie--Silvicultura--Aprovechamiento--Protección--Utilización --4. Neem maderable--Generalidades--Dendrología--Autoecología de la especie--Silvicultura--Protección--Utilización --5. Eucalipto urograndis--Generalidades--Dendrología--Autoecología de la especie--Silvicultura--Aprovechamiento--Protección--Utilización --Anexos
650 ## - PUNTO DE ACCESO ADICIONAL DE MATERIA--TÉRMINO DE MATERIA
Término de materia o nombre geográfico como elemento inicial Neotropical
650 ## - PUNTO DE ACCESO ADICIONAL DE MATERIA--TÉRMINO DE MATERIA
Término de materia o nombre geográfico como elemento inicial Botánicos
650 ## - PUNTO DE ACCESO ADICIONAL DE MATERIA--TÉRMINO DE MATERIA
Término de materia o nombre geográfico como elemento inicial Medioambientales
700 ## - PUNTO DE ACCESO ADICIONAL--NOMBRE DE PERSONA
Nombre de persona Ing. Washington Estrada A.
942 ## - ELEMENTOS DE PUNTO DE ACCESO ADICIONAL (KOHA)
Fuente del sistema de clasificación o colocación Clasificación Decimal Dewey
Tipo de ítem Koha Libros
999 ## - NÚMEROS DE CONTROL DE SISTEMA (KOHA)
Koha biblionumber 14231
Holdings
Estado de pérdida Fuente del sistema de clasificación o colocación Estado dañado No para préstamo Localización permanente Ubicación/localización actual Ubicación en estantería Fecha de adquisición Fuente de adquisición Número de inventario Total de préstamos Signatura topográfica completa Código de barras Fecha visto por última vez Precio válido a partir de Tipo de ítem Koha Centro de costos
  Clasificación Decimal Dewey     Biblioteca Campus Norte Biblioteca Campus Norte Facultad de Ingeniería - Generalidades 01/12/2025 Transitoria segunda Resolución N°0311-CU-UNACH-SE-ORD-16-09-24 39933390   3337.7 EST L018402 L018402 01/12/2025 01/12/2025 Libros  

Powered by Koha